00972cam a22002651 4500001001300000003000400013005001700017008004100034010001700075025001900092035001800111040002700129050002200156082001100178100003700189245009300226260005000319300005100369500011200420500002400532504003200556651004700588651005400635999001700689sa 66006394 DLC20260227112256.0740820s1965 ii ab b 000 0 eng  asa 66006394  aPL480:I-E-6171 a(OCoLC)983434 aDLCcTxFTCdOCoLCdDLC00aHD880.H9bA7 1965 a333.771 aAlam, S. Manzoorq(Shah Manzoor)10aHyderabad-Secunderabad, twin cities;ba study in urban geography,cby Shah Manzoor Alam. aBombay,aNew York,bAllied Publishersc[1965] axiv, 159 p.billus., maps (part fold.)c25 cm. a"A slightly revised version of my thesis submitted at the University of Edinburgh for the degree of PH. D." a24 plates appended. aBibliography: p. [147]-156. 0aHyderabad (India)xDescription and travel. 0aSecunderābād (India)xDescription and travel. c70499d70499